000 00475nam a2200181Ia 4500
001 9872
005 20260306161750.0
008 260306t2011||||xx |||||||||||||| ||spa||
041 _aESP
082 _a808.02
_bU61
100 _aUniversidad Católica San Pablo
_eAUT
245 0 _aProtocolo de procedimientos para las publicaciones en la Universidad Católica San Pablo
260 _c2011
300 _a
_c
650 _aGEN
654 _aCHU
942 _cLIB
_dJUS
_fJUS
_2ddc
_n
999 _c9872
_d9872